000 01985cam a22004574i 4500
003 PE-LiUPU
005 20250731175641.0
008 150706s r 000 0 d
020 _a97810424011476
035 _a(Sirsi) i9781042401147
040 _aPE-LiUPU
_bspa
_cPE-LiUPU
_erda
049 _aPRUA
082 0 4 _a428.0786
_bFRLA2o
_221
110 2 _aNational Geographic
245 1 0 _aLife on the Orinoco /
_cRob Waring, editor de serie.
264 1 _aBoston, Mass. :
_bHeinle,
_c2008.
300 _a24 páginas :
_bilustraciones ;
_c21 cm.
336 _atext
_2rdacontent
337 _aunmediated
_2rdamedia
338 _avolume
_2rdacarrier
490 0 _aFootprint reading library. Pre-Intermediate A2
505 0 _aLectura en ingles de "La vida en el Orinoco".
526 _aP145
526 _aP127
526 _aP97
526 _aP35
526 _aP14
526 _aP07
541 _g002-0046574;
541 _g002-0050801;
650 0 4 _aOrinoco (Río de Venezuela y Colombia).
650 0 4 _aInglés
_vLibros de lectura para nuevos lectores.
910 _agl
_bjv
_cng
_d20120514
942 _2ddc
_cBOOK
949 _a428.0786 FRL A2O
_wDEWEY
_c1
_i64636
_lCCODEBUL1
_mBUL
_p5.00
_r0
_sY
_tBOOK
_u2015-7-6
_xEDUCACION
_PP20
_o.STAFF. Colección General
949 _a428.0786 FRL A2O
_wDEWEY
_c2
_i67976
_lCCODEBUL1
_mBUL
_p8.00
_r0
_sY
_tBOOK
_u2015-7-6
_xEDUCACION
_PP20
_o.STAFF. Colección General
994 _aC0
_bPEPRU
596 _a1
999 _a428.0786 FRL A2O
_wDEWEY
_c53342
_i64636
_d53342
_f2021-11-8
_g5
_lCCODEBUL1
_mBUL
_p5.00
_q1
_r0
_sY
_tBOOK
_u2015-7-6
_xEDUCACION
_PP20
_0COMPRA
_o.STAFF. Colección General
999 _a428.0786 FRL A2O
_wDEWEY
_c2
_i67976
_d2018-3-20
_f2021-11-8
_g5
_lCCODEBUL1
_mBUL
_p8.00
_q1
_r0
_sY
_tBOOK
_u2015-7-6
_xEDUCACION
_PP20
_0COMPRA
_o.STAFF. Colección General
980 _81
_gALBERTO SANCHEZ Responsable de Automatización